Music Quiz

Random Music or Artist Quiz

Guess my KPOP bias Quiz Stats

 Plays Quiz not verified by Sporcle

Challenge
Share
Tweet
Score 0/30 Timer 10:00
0 Plays Today
% Correct
Rap Monster
99%
G-Dragon
91.5%
Baekhyun
91.3%
Amber
89.9%
BamBam
88.9%
Bobby
88.1%
Sunny
83.9%
Hyuna
82.8%
Jonghyun
82.7%
Ravi
81.7%
Jimin
79.9%
Zico
78.4%
Jeonghan
76.6%
Eunhyuk
68.7%
LE
68.1%
% Correct
Taehyun
67%
Yongguk
64.8%
Jooheon
60.7%
CNU
56.9%
Bomi
55%
Chunji
49.1%
Yerin
45.3%
Youngmin
43.1%
Raina
42.3%
Hansol
39.6%
Bitto
33.3%
WangKong
27.8%
Minsu
15.7%
Sang
9.7%
Woo Sung
5.5%

You're not logged in!

Compare scores with friends on all Sporcle quizzes.
OR
Log In

You Might Also Like...

Show Comments

Extras

Top Quizzes Today


Score Distribution

Your Account Isn't Verified!

In order to create a playlist on Sporcle, you need to verify the email address you used during registration. Go to your Sporcle Settings to finish the process.

Report this User

Report this user for behavior that violates our Community Guidelines.

Details: